|
|
|
|
| LEADER |
01093nam a22002894a 4500 |
| 001 |
29099 |
| 003 |
BD-DhAAL |
| 005 |
20150423112221.0 |
| 008 |
150423s2008 maua 001 0 eng |
| 010 |
|
|
|a 2006103270
|
| 020 |
|
|
|a 0072986867 (pbk. : alk. paper)
|
| 020 |
|
|
|a 9780072986860 (pbk. : alk. paper)
|
| 040 |
|
|
|a DLC
|c DLC
|d DLC
|d BD-DhAAL
|
| 050 |
0 |
0 |
|a QP36
|b .M2 2008
|
| 082 |
0 |
0 |
|2 21
|a 612
|
| 100 |
1 |
|
|a Mader, Sylvia S.
|9 10624
|
| 245 |
1 |
0 |
|a Human biology /
|c Sylvia S. Mader ; with contributions by Linda D. Smith-Staton, Susannah Nelson Longenbaker.
|
| 250 |
|
|
|a 10th ed.
|
| 260 |
|
|
|a Boston :
|b McGraw-Hill Higher Education,
|c c2008.
|
| 300 |
|
|
|a xx, 536, [52] p. :
|b ill. (some col.) ;
|c 28 cm.
|
| 500 |
|
|
|a Includes index.
|
| 541 |
|
|
|e 29099
|
| 650 |
|
0 |
|a Human biology.
|9 9561
|
| 856 |
4 |
1 |
|3 Table of contents only
|u http://www.loc.gov/catdir/toc/ecip077/2006103270.html
|
| 942 |
|
|
|2 ddc
|c BK
|
| 999 |
|
|
|c 34293
|d 34293
|
| 952 |
|
|
|0 0
|1 0
|2 ddc
|4 0
|6 612_000000000000000_MAD
|7 0
|9 53546
|a BRACUL
|b BRACUL
|c GEN
|d 2015-04-23
|l 14
|m 105
|o 612 MAD
|p 3010029099
|r 2025-09-23
|s 2025-06-24
|t 1
|w 2015-04-23
|y BK
|